Todos Los Países del Mundo por Orden Alfabético - Estadísticas

Estadísticas generales
  • Esta prueba ha sido intentada 226 veces
    214 desde el último reinicio
  • La puntuación promedio es 110 de 196
Estadísticas de respuestas
Continente País % Correcto
Asia A Afganistán
91%
Europa A Albania
90%
América A Argentina
85%
Europa A Andorra
84%
Europa A Alemania
83%
Oceanía A Australia
83%
África A Angola
82%
América A Antigua y Barbuda
78%
Asia A Azerbaiyán
77%
África A Argelia
76%
Europa A Austria
76%
América B Bahamas
76%
Europa B Bélgica
76%
Asia A Armenia
74%
América B Bolivia
74%
América B Barbados
72%
África C Camerún
72%
América C Canadá
72%
África B Botsuana
71%
Europa B Bulgaria
71%
América C Chile
71%
Asia B Baréin
70%
África B Benín
70%
América B Brasil
70%
Asia B Bután
70%
Asia C China
70%
Asia A Arabia Saudita
68%
América C Colombia
68%
Europa D Dinamarca
68%
América B Belice
67%
Europa B Bielorrusia
66%
Europa B Bosnia y Herzegovina
66%
Europa E España
66%
América E Estados Unidos
66%
Europa F Finlandia
66%
América H Honduras
66%
Asia B Brunéi
65%
África B Burkina Faso
65%
Asia C Camboya
65%
América D Dominica
65%
Europa F Francia
65%
América C Cuba
63%
América E Ecuador
63%
Europa E Eslovaquia
63%
Europa E Eslovenia
63%
Europa H Hungría
63%
América J Jamaica
63%
África K Kenia
63%
Oceanía K Kiribati
63%
Europa K Kosovo
63%
Europa L Letonia
63%
África B Burundi
62%
Europa E Estonia
62%
América H Haití
62%
Asia I Indonesia
62%
Europa I Irlanda
62%
Asia K Kazajistán
62%
África C Chad
61%
Asia C Chipre
61%
Oceanía F Fiyi
61%
Asia I India
61%
Asia J Japón
61%
Asia K Kuwait
61%
Asia B Bangladés
60%
África C Cabo Verde
60%
Asia C Catar
60%
América G Guatemala
60%
Europa I Islandia
60%
Asia J Jordania
60%
Europa L Lituania
60%
África C Comoras
59%
África E Eritrea
59%
África G Gabón
59%
África G Gambia
59%
América G Granada
59%
Europa G Grecia
59%
Europa U Ucrania
59%
África U Uganda
59%
América U Uruguay
59%
Asia Y Yemen
59%
África Z Zambia
59%
África Z Zimbabue
59%
África E Etiopía
57%
África G Guinea
57%
Asia K Kirguistán
57%
Asia O Omán
57%
Asia U Uzbekistan
57%
América V Venezuela
57%
Asia V Vietnam
57%
Asia C Corea del Norte
56%
Asia C Corea del Sur
56%
Europa C Croacia
56%
América E El Salvador
56%
África G Guinea Ecuatorial
56%
América G Guyana
56%
Asia L Laos
56%
Asia / Europa R Rusia
56%
Oceanía V Vanuatu
56%
África Y Yibuti
56%
África E Egipto
55%
África G Ghana
55%
África G Guinea Bissau
55%
Oceanía I Islas Marshall
55%
Asia I Israel
55%
Europa I Italia
55%
Europa L Liechtenstein
55%
América N Nicaragua
55%
Europa P Portugal
55%
Asia E Emiratos Árabes Unidos
54%
Asia F Filipinas
54%
Asia I Irak
54%
Asia I Irán
54%
Oceanía I Islas Salomón
54%
Europa P Polonia
54%
Oceanía S Samoa
54%
África L Liberia
52%
África L Libia
52%
Oceanía N Nauru
52%
Oceanía N Nueva Zelanda
52%
América P Paraguay
52%
África L Lesoto
51%
Asia L Líbano
51%
Europa L Luxemburgo
51%
América P Panamá
51%
América P Perú
51%
Europa R Rumania
51%
Asia T Tailandia
51%
Oceanía T Tuvalu
51%
África C Costa de Marfil
50%
América C Costa Rica
50%
Oceanía E Estados Federados de Micronesia
50%
Asia G Georgia
50%
África M Malí
50%
África M Mauritania
50%
América M México
50%
Europa M Moldavia
50%
Europa N Noruega
50%
Oceanía P Palaos
50%
América S San Cristóbal y Nieves
50%
África T Tanzania
50%
América T Trinidad y Tobago
50%
Asia T Turkmenistán
50%
Europa M Malta
49%
África M Mauricio
49%
Europa M Montenegro
49%
Europa S San Marino
49%
América S Santa Lucía
49%
América S San Vicente y las Granadinas
49%
Oceanía T Tonga
49%
África E Esuatini
48%
Europa M Macedonia del Norte
48%
África N Níger
48%
África N Nigeria
48%
África R República Democrática del Congo
48%
África R Ruanda
48%
América S Surinam
48%
África T Togo
48%
África M Madagascar
46%
África N Namibia
46%
Asia N Nepal
46%
Asia P Pakistán
46%
Oceanía P Papúa Nueva Guinea
46%
Europa R República Checa
46%
América R República Dominicana
46%
Europa S Serbia
46%
Europa S Suecia
46%
Europa S Suiza
46%
Asia T Turquía
46%
Asia M Malasia
45%
África M Marruecos
45%
África S Senegal
45%
Asia T Taiwán
45%
África S Sudán
44%
África T Túnez
44%
Europa C Ciudad del Vaticano
43%
Europa P Países Bajos
43%
África S Somalia
43%
África S Sudán del Sur
43%
Asia T Tayikistán
43%
Asia T Timor Oriental
43%
Asia M Maldivas
41%
Europa M Mónaco
41%
Asia M Mongolia
41%
África R República Centroafricana
41%
África S Santo Tomé y Príncipe
41%
África M Mozambique
40%
África M Malaui
39%
Europa R Reino Unido
39%
África S Seychelles
39%
África S Sudáfrica
39%
África R República del Congo
38%
Asia S Singapur
37%
Asia S Siria
37%
Asia S Sri Lanka
34%
Asia M Myanmar
33%
África S Sierra Leona
32%
No se encontraron pruebas coincidentes
Distribución de puntuación
Porcentaje de gente con cada puntuación
Porcentaje por número respondido
Historial de tus puntuaciones
No has intentado esta prueba desde el último reinicio